Loading...
| History - European History | 0 | 4 | 0 | 1 | 40 | 9 | 63.50 | 1 | 2 |
| Science - Other Science | 0 | 3 | 1 | 1 | 25 | 53 | 69.00 | 0 | 0 |
| Social Science | 0 | 2 | 0 | 1 | 20 | 57 | 79.50 | 0 | 2 |
| History - World History | 0 | 2 | 0 | 0 | 20 | 22 | 58.00 | 0 | 1 |
| Religion | 0 | 2 | 0 | 0 | 20 | 38 | 61.50 | 0 | 1 |
| Current Events | 0 | 2 | 0 | 0 | 20 | 73 | 85.00 | 1 | 1 |
| History - American History | 0 | 3 | 3 | 0 | 15 | 14 | 40.00 | 2 | 3 |
| Fine Arts - Classical Music | 0 | 1 | 0 | 0 | 10 | 47 | 47.00 | 0 | 0 |
| Mythology | 0 | 1 | 0 | 0 | 10 | 92 | 92.00 | 0 | 0 |
| Science - Physics | 0 | 1 | 0 | 1 | 10 | 111 | 111.00 | 0 | 0 |
| Geography | 0 | 1 | 1 | 0 | 5 | 72 | 72.00 | 0 | 1 |
| Fine Arts - Other Fine Arts | 0 | 1 | 1 | 1 | 5 | 113 | 113.00 | 0 | 0 |